000 00777nam a2200277 i 4500
001 C2-0212680
003 PPAK
005 20180728103512.0
008 990407s1998 my a|||| ||||| | may d
020 _a9830571629
040 _aPPAK
_beng
_cPPAK
_erda
082 0 4 _a899.233
_2 23
090 0 0 _a899.233
_bKAL
_dG
090 0 0 _a899.233
_bKAL
_dK
100 1 _aKala, S.,
_eauthor
245 1 0 _aMata air ajaib
264 1 _aKuala Lumpur :
_bGoodmark ,
_c1998
300 _a16 pages :
_bcolour illustrations ;
_c26 cm
336 _2rdacontent
_atext
337 _2rdamedia
_aunmediated
338 _2rdacarrier
_avolume
490 1 _aSiri bacaan kanak-kanak KALA'S
650 1 0 _aChildren's stories, Malay.
830 0 _aSiri bacaan kanak-kanak KALA'S
942 _ddc
_cB
999 _c158851
_d158851